Kombinatorika 1 Grafy

Saved in:
Bibliographic Details
Main Author: Nešetřil, Jaroslav
Corporate Author: Univerzita Karlova v Praze
Format: Book
Language:Czech
Published: Praha Státní pedagogické nakladatelství 1987
Edition:1. vyd.
Tags: Add Tag
No Tags, Be the first to tag this record!

MARC

LEADER 00000nam a2200000 4500
001 c034103
005 20221219102846.7
041 0 |a cze 
044 |a CZ 
245 1 0 |a Kombinatorika 1  |b Grafy  |c Jaroslav Nešetřil 
250 |a 1. vyd. 
264 1 |a Praha  |b Státní pedagogické nakladatelství  |c 1987 
300 |a 173 s. 
100 1 |a Nešetřil, Jaroslav 
710 2 |a Univerzita Karlova v Praze